| 000 | 00390nam a22001337a 4500 | ||
|---|---|---|---|
| 050 |
_aTD 811.1 _b.K86 |
||
| 100 | _amano kumarasuriyar | ||
| 245 | _aStrategic guidelines for intergrated waste manangement in small island developing states | ||
| 260 |
_alodon _bmarlborough house _c1999 |
||
| 300 | _a241p. | ||
| 500 | _ainludes index | ||
| 650 |
_bwaste manangement _vbook _xenglish |
||
| 942 | _cGEN | ||
| 999 |
_c807 _d807 |
||